| 000 | 00619nam a2200217Ii 4500 | ||
|---|---|---|---|
| 001 | 13046 | ||
| 003 | CO-ViMGA | ||
| 008 | 241108s9999||||xx |||||||||||||| ||und|| | ||
| 020 | _a8477140753 | ||
| 040 |
_aCO-ViMGA _bspa _erda _cCO-ViMGA |
||
| 041 | 0 | _aspa | |
| 082 | 0 | 4 | _aR 616.075 D76m |
| 100 | 1 |
_aConrad Droste _945818 |
|
| 245 | 1 | 0 |
_aMemorix: _bConstantes en medicina clĂnica |
| 264 | 1 | _aBogotá, Colombia : Iatros, 1988 | |
| 300 | _avolumen | ||
| 336 |
_atext _btxt _2rdacontent |
||
| 337 |
_aunmediated _bn _2rdamedia |
||
| 338 |
_avolume _bnc _2rdacarrier |
||
| 940 | _aidficha_siabuc: 12752. -- ficha_no_siabuc:13046 | ||
| 999 |
_c40351 _d40351 |
||